000 00295nam a22001337a 4500
008 170613b xxu||||| |||| 00| 0 eng d
020 _a9780195065763
041 _aeng
080 _a32
100 _a19
101 _aSHP
245 _aDEMOCRACY WITHOUT CITIZENS
_cENTMAN,R.M
942 _2udc
_cBK
999 _c17222
_d17222